The Future of law in Africa : (Record no. 13148)

MARC details
000 -LEADER
fixed length control field 00725cam a22001932 4500
001 - CONTROL NUMBER
control field 0000008984
005 - DATE AND TIME OF LATEST TRANSACTION
control field 20151217155837.0
008 - FIXED-LENGTH DATA ELEMENTS--GENERAL INFORMATION
fixed length control field 080629s xx 000 0 eng d
040 ## - CATALOGING SOURCE
Original cataloging agency KABU
Transcribing agency KABU
111 2# - MAIN ENTRY--MEETING NAME
Meeting name or jurisdiction name as entry element Conference on the Future of Law in Africa
Location of meeting London :
Date of meeting (1959-60)
-- 0000159792
245 14 - TITLE STATEMENT
Title The Future of law in Africa :
Remainder of title record of proceedings of the London Conference 28 December 1959-8 January 1960 /
Statement of responsibility, etc. edited on behalf of the Conference by A. N. Allott.
260 ## - PUBLICATION, DISTRIBUTION, ETC. (IMPRINT)
Place of publication, distribution, etc. London :
Name of publisher, distributor, etc. Butterworth,
Date of publication, distribution, etc. 1960.
300 ## - PHYSICAL DESCRIPTION
Extent 58 p.
650 #0 - SUBJECT ADDED ENTRY--TOPICAL TERM
Topical term or geographic name as entry element Law
General subdivision Congresses
Geographic subdivision Africa.
-- 0000159793
700 1# - ADDED ENTRY--PERSONAL NAME
Personal name Allott, A. N.
-- 0000159794
908 ## - PUT COMMAND PARAMETER (RLIN)
Put command parameter 080629
950 ## - LOCAL HOLDINGS (RLIN)
-- 1
Holdings
Withdrawn status Lost status Source of classification or shelving scheme Not for loan Home library Current library Date acquired Total Checkouts Full call number Barcode Date last seen Price effective from Koha item type
    Library of Congress Classification   Kabarak, Main Campus Kabarak, Main Campus 17/12/2015   KQ135 .C66 c. 1 012345 17/12/2015 17/12/2015 Africana Collection
Designed with assistance from East African Informatics Ltd